Constitución Nacional /
Guardado en:
| Formato: | Libro |
|---|---|
| Idioma: | Spanish |
| Publicado: |
Buenos Aires :
La Ley,
2008.
|
| Edición: | 1a. ed. ; 4a. reimp. |
| Materias: | |
| Etiquetas: |
Agregar Etiqueta
Sin Etiquetas, Sea el primero en etiquetar este registro!
|
| LEADER | 00610nam a22001695a 4500 | ||
|---|---|---|---|
| 001 | DER.der015691 | ||
| 008 | 260213s2008####|||||||||||||||||#||spa|| | ||
| 005 | 20260213082146.0 | ||
| 245 | 1 | 0 | |a Constitución Nacional / |c Argentina. |
| 250 | |a 1a. ed. ; 4a. reimp. | ||
| 260 | |a Buenos Aires : |b La Ley, |c 2008. | ||
| 300 | |a 249 p. | ||
| 500 | |a Antecedentes históricos. Tratados y Convenciones con jerarquía constitucional. Nota de doctrina sobre reformas de la Constitución Nacional. | ||
| 020 | |a 9870302394 | ||
| 240 | 1 | 0 | |a Argentina - Constitución |
| 650 | 7 | |a CONSTITUCION | |
| 859 | |a DERECHO |b BIB. DERECHO |h 342.02 |i ARG |p 002750 | ||
